01367nkm a2200373 b 45000010008000000030009000080050017000170070009000340080026000430170009000690200018000780350006000960400025001020820029001271000027001562400006001832450135001892500014003242600042003383000022003804900021004025340069004235900026004926500027005186500020005457000037005657000035006029100041006379420012006789520131006909520137008219800018009589990017009760028610DO-SdBNP20230315093421.0 0028610060721s2010 sp spa  a b  a9788498886159 a  aBPMSUbspacBPMSUe  a823.91 bR884H, 20102221 aRowling, J. K.,d1965- l 10aHarry Potter y el prisionero de Azkaban /cJ. K. Rowling ; traducción de Adolfo Muñoz García y Nieves Martín Azofra.h b  319a. ed.  aBarcelona : bSalamandra,c2010e f  a 359 p. ;c22 cm.0 aHarry Potter v3 aTítulo original : tHarry Potter and the prisioner of Azkaban. 6Inventariado, 2023/VM 4aNovela juvenil inglesa 4aMagia vNovela  a Muñoz García, Adolfo etr. 1 aMartín Azofra, Nieves e tr. aVMateo V. Control de calidad (BPMSU) 2ddccBK 00102ddc40708CJ-GaBPMETbBPMETd2016-07-18e oBPMSU CG 823.91 R884H 2010pBPMSU16070536r2016-07-18tv.3w2016-07-18yBK 00102ddc40708CJ-GaBPMETbBPMETd2016-07-18e oBPMSU CG 823.91 R884H 2010pBPMSU16070537r2016-07-18tv.3, e.2w2016-07-18yBK a a b j c  c10940d10940